Imprese /

Hlavní autor: Borková, Alena, 1944-
Další autoři: Hošková-Borková, Alena
Jazyk: Čeština
Vydáno: Brno : MSD, 2020
Vydání: 1. vydání
Témata:
Fyzický popis: 29 stran : ilustrace (některé barevné) ; 30 cm
Knihy
Uloženo v:
LEADER 01396nam a2200397 i 4500
001 nkc20213304377
003 CZ PrNK
005 20210518121839.0
007 ta
008 210127s2020 xr a g 000 j cze
015 |a cnb003304377 
020 |a 978-80-7392-356-3  |q (brožováno) 
035 |a (OCoLC)1257528963 
040 |a OLA001  |b cze  |d ABA001  |e rda 
072 7 |a 821.162.3-3  |x Česká próza  |2 Konspekt  |9 25 
080 |a 821.162.3-3  |2 MRF 
080 |a (0:82-3)  |2 MRF 
100 1 |a Borková, Alena,  |d 1944-  |7 jo2007376744  |4 aut 
245 1 0 |a Imprese /  |c Alena Borková 
250 |a 1. vydání 
264 1 |a Brno :  |b MSD,  |c 2020 
300 |a 29 stran :  |b ilustrace (některé barevné) ;  |c 30 cm 
336 |a text  |b txt  |2 rdacontent 
336 |a statický obraz  |b sti  |2 rdacontent 
337 |a bez média  |b n  |2 rdamedia 
338 |a svazek  |b nc  |2 rdacarrier 
500 |a "Autorka malby a kreseb z let 2015-20: Alena Hošková-Borková"--Strana 29 
655 7 |a české prózy  |7 fd133972  |2 czenas 
655 9 |a Czech prose  |2 eczenas 
700 1 |a Hošková-Borková, Alena  |4 ill 
910 2 |a BOA001  |b 4-1463.420 
990 |a BK 
995 |a 01 
991 |b 202105  |c NOV 
996 6 |b 2610861254  |c 4-1463.420  |l MZK  |r Sklad / do 1 hodiny  |n 0  |p p.v.  |w 001847073  |u 000010  |a 1  |e BOA001  |j MZK50  |s P 
996 7 |b 2610861255  |c 4-1463.420  |l MZK  |r Sklad / do 1 hodiny  |n 0  |p p.v.  |w 001847073  |u 000020  |a 1  |e BOA001  |j MZK50  |s A